000
00271nam a2200109Ia 4500
005
20251222154343.0
008
251222s9999||||xx |||||||||||||| ||spa||
082
_a
630.985/M33
245
0
_a
Estructura y dinĂ¡micas del espacio agropecuario
264
_b
INEI
942
_c
LIB
999
_c
34605
_d
34605